Rational expectation in macroeconomics: an introduction to theory and evidence / (Record no. 348)
[ view plain ]
| 000 -LEADER | |
|---|---|
| fixed length control field | 01139nam a22002057a 4500 |
| 008 - FIXED-LENGTH DATA ELEMENTS--GENERAL INFORMATION | |
| fixed length control field | 111209t xxu||||| |||| 00| 0 eng d |
| 020 ## - INTERNATIONAL STANDARD BOOK NUMBER | |
| International Standard Book Number | 063117947x |
| 050 ## - LIBRARY OF CONGRESS CALL NUMBER | |
| Classification number | HB172.5.A79 |
| 100 ## - MAIN ENTRY--PERSONAL NAME | |
| Personal name | Attfield, C.L.F. |
| 245 ## - TITLE STATEMENT | |
| Title | Rational expectation in macroeconomics: an introduction to theory and evidence / |
| Statement of responsibility, etc. | C.L.F. Attfield, D. Demery and N.W. Duck |
| 250 ## - EDITION STATEMENT | |
| Edition statement | 2nd ed. |
| 260 ## - PUBLICATION, DISTRIBUTION, ETC. | |
| Place of publication, distribution, etc. | Cambridge: |
| Name of publisher, distributor, etc. | Blackwell |
| 300 ## - PHYSICAL DESCRIPTION | |
| Extent | x,243 p.: |
| Other physical details | ill. |
| Dimensions | 23cm. |
| 500 ## - GENERAL NOTE | |
| General note | Includes bibliographical references and index. |
| 505 ## - FORMATTED CONTENTS NOTE | |
| Formatted contents note | Contents: Expectations in the macroeconomics -- The Theory of rational expectations -- Testing the rational expectations hypothesis -- Rational expectations and a flexible-price macroeconomic model -- Criticisms of the flexible-price rational expectations model -- Rational expectations and macroeconomics: Two influential empirical studies -- Criticism and reappraisal of the Lucas and Barro models -- Real business cycle theory -- Rational expectations and the permanent-income hypothesis -- Summary and conclusions. |
| 650 ## - SUBJECT ADDED ENTRY--TOPICAL TERM | |
| Topical term or geographic name entry element | Macroeconomic |
| 700 ## - ADDED ENTRY--PERSONAL NAME | |
| Personal name | Demery, D. |
| 700 ## - ADDED ENTRY--PERSONAL NAME | |
| Personal name | Duck, N.W. |
| 942 ## - ADDED ENTRY ELEMENTS (KOHA) | |
| Source of classification or shelving scheme | Library of Congress Classification |
| Koha item type | Books |
| Withdrawn status | Lost status | Source of classification or shelving scheme | Damaged status | Not for loan | Home library | Current library | Shelving location | Date acquired | Total Checkouts | Full call number | Barcode | Date last seen | Price effective from | Koha item type |
|---|---|---|---|---|---|---|---|---|---|---|---|---|---|---|
| Library of Congress Classification | WISCONSIN INTERNATIONAL UNIVERSITY COLLEGE, GHANA - MAIN LIBRARY | WISCONSIN INTERNATIONAL UNIVERSITY COLLEGE, GHANA - MAIN LIBRARY | General Stacks | 09/12/2011 | HB172.5.A79 | 961/11 | 09/12/2011 | 09/12/2011 | Books |
